00993nam a2200253 a 450000100060000000300060000600500170001200800410002903500350007004000280010504100080013308200220014109000200016310000370018324501320022026000330035230000570038550400510044265000300049370000330052394200120055699900170056895201540058572448UkOxU20211209082248.0830413s1961 enkaf b 001 0 eng d aOCLC ocm09404048 from D971006M aGZQcGZQdUKMdEQObeng aeng04a570223bMOC 1961 aQH305b.M6 19611 aMoore, Ruth d1908-1989.921899114aThe coil of life :bthe story of the great discoveries in the life sciences /cby Ruth Moore ; drawings by Patricia M. Jackson. aLondon :bConstable,cc1961. axv, 418, viii p., [8] p. of plates :bill. ;c22 cm. aIncludes bibliographical references and index. 0aBiologyxHistory.92189921 aJackson, Patricia M.9218993 2ddccBK c72448d72448 00102ddc40718NFICaRUCLbRUCLcReadingd1973-10-15eEuro Bangladesh news Agencyg55.00l0o570 MOC 1961r2017-05-18 00:00:00tC-1w2021-12-09yBK